000 00487nam a2200181Ia 4500
001 23324
005 20260414150929.0
008 260414t2015||||xx |||||||||||||| ||spa||
041 _aESP
082 _a629.8
_bF42
100 _aFernández Valdivielso, Carlos
_eAUT
245 0 _aDomótica e inmótica :
_binstalaciones de telecomunicaciones para edificaciones
260 _c2015
300 _a555 páginas :
_c23 cm.
650 _aCNM
654 _aCCN
942 _cLIB
_dJUS
_fJUS
_2ddc
_n
999 _c23324
_d23324